Homicidio y asesinato

Guardat en:
Dades bibliogràfiques
Autors principals: Ganzenmüller, Carlos (Autor), Escudero, José Francisco (Autor), Frigola, Joaquín (Autor)
Format: Llibre
Idioma:espanyol
Publicat: Barcelona Bosch 1996
Matèries:
Etiquetes: Afegir etiqueta
Sense etiquetes, Sigues el primer a etiquetar aquest registre!

MARC

LEADER 00000nam a2200000 a 4500
001 UCM6369
003 CL-VaPUC
008 021108e19960900SP |||||||||||||||||spa|d
082 0 4 |a 364.152  |b GAN  |2 21 
100 0 |a Ganzenmüller, Carlos  |e author  |9 472171 
700 0 |a Escudero, José Francisco  |e author  |9 472172 
700 0 |a Frigola, Joaquín  |e author  |9 472173 
245 1 0 |a Homicidio y asesinato 
300 |a 411 p 
942 |c BK 
945 |d 20021108 00:00:00  |a vberengu 
260 |a Barcelona  |b Bosch  |c 1996 
650 7 |a DELITOS CONTRA LAS PERSONAS  |2 CL-VaPUC  |9 256124 
650 7 |a HOMICIDIO  |2 CL-VaPUC  |9 336529 
583 |a last modification  |c 20021108 00:00:00  |k Rodrigo Vera 
999 |c 301779  |d 301777 
952 |0 0  |1 0  |4 0  |6 364_152000000000000_GAN_1996  |7 0  |8 A  |9 361416  |a BIBDER  |b BIBDER  |d 2019-11-21  |i 3859088  |l 1  |o 364.152 GAN 1996  |p 3859088  |r 2024-01-12  |s 2024-01-12  |w 2019-11-21  |y BK  |k DER